000 00624nam a2200181 a 4500
008 071112s2005 ||||||||||||||||| || u
020 _a0750641096
050 _aTA 330 Bir
100 _aBird, John
245 1 0 _aBasic engineering mathematics
_cJohn Bird
250 _a4th ed.
260 _aBoston
_bElsevier
_c2005
300 _axi, 288p. : ill
350 _a0.00
650 0 _aMATHEMATICS--HANDBOOKS, MANUALS, ETC
650 0 _aENGINEERING MATHEMATICS
995 _D0.00
_FCBU-MAIN LIBRARY (Kitwe)
_H1
_I0.00
_M1
_UOUT
_WNov 12, 2007
_ZMain Library Open Access Collection
999 _c35543
_d35543